| 000 | 00663nam a22001937a 4500 | ||
|---|---|---|---|
| 008 | 160707b xxu||||| |||| 00| 0 eng d | ||
| 020 | _a0781756634 | ||
| 082 |
_22004 _aDC 610.73072 _bP76n |
||
| 100 |
_910999 _aPolit, Denise F. |
||
| 245 |
_aNursing research/ _cDenise F. Polit and Cheryl Tatano Beck. |
||
| 250 | _a7th Edition | ||
| 260 |
_aPhiladelphia: _bLippincot Williams & Wilkins, _cc2004. |
||
| 300 |
_axvii, 758 pages: _billustrations; _c23 cm. |
||
| 500 | _aIncludes appendix, glossary and index. | ||
| 650 | 0 |
_911000 _aNursing _xResearch _xMethodology |
|
| 700 |
_911001 _aBeck, Cheryl Tatano _eAuthor |
||
| 365 |
_aPhp _b548.00 |
||
| 942 |
_2ddc _cDC |
||
| 999 |
_c3299 _d3299 |
||